Statistics for Stations on NSW's Central Coast and Newcastle Line

Click here to take the quiz!

General Stats

  • This quiz has been taken 23 times
  • The average score is 21 of 50

Answer Stats

NumberStation% Correct
1Newcastle Interchange
94%
22Gosford
82%
46Central
76%
34Hornsby
76%
17Tuggerah
65%
26Woy Woy
65%
3Broadmeadow
59%
6Cardiff
59%
2Hamilton
59%
4Adamstown
53%
10Fassifern
53%
42North Sydney
53%
16Wyong
53%
30Berowra
47%
37Chatswood
47%
7Cockle Creek
47%
5Kotara
47%
13Morisset
47%
32Mount Colah
47%
11Awaba
41%
12Dora Creek
41%
36Gordon
41%
31Mount Kuring-Gai
41%
18Ourimbah
41%
47Redfern
41%
45Town Hall
41%
38Artarmon
35%
33Asquith
35%
29Cowan
35%
35Epping
35%
28Hawkesbury River
35%
43Milsons Point
35%
23Point Clare
35%
39St Leonards
35%
8Teralba
35%
14Wyee
35%
44Wynyard
35%
19Lisarow
29%
41Waverton
29%
40Wollstonecraft
29%
50Blacktown
24%
9Booragul
24%
25Koolewong
24%
21Narara
24%
20Niagara Park
24%
49Parramatta
24%
24Tascott
24%
15Warnervale
24%
27Wondabyne
24%
48Starthfield
0%

Score Distribution

Percentile by Number Answered

Percent of People with Each Score

Your Score History

You have not taken this quiz